¿Existen los actos administrativos implícitos en materia previsional? (Registro nro. 29805)

Detalles MARC
000 -LEADER
fixed length control field 00354 a2200109 4500
001 - CONTROL NUMBER
control field ART_49387
005 - DATE AND TIME OF LATEST TRANSACTION
control field 20260410161944.0
008 - FIXED-LENGTH DATA ELEMENTS--GENERAL INFORMATION
fixed length control field 260409a
100 1# - MAIN ENTRY--PERSONAL NAME
Personal name Carnota, Walter F.
245 10 - TITLE STATEMENT
Title ¿Existen los actos administrativos implícitos en materia previsional?
773 0# - HOST ITEM ENTRY
Title Temas de derecho laboral
Related parts - N° 8 (ago. 2019)
Record control number REV27619

No hay ítems disponibles.